000 00586nam a2200169 a 4500
008 120416s1982 ||||||||||||||||| || u
050 _aHD 31 Elf
100 _aElfrey, Priscilla
245 1 4 _aThe hidden agenda
246 _arecognizing what really matters at work
260 _aNew York
_bJohn Wiley and Sons
_c1982
350 _a0.00
650 0 _aMANAGEMENT
650 _aORGANIZATIONS
650 _aTEAMS IN THE WORKPLACE
995 _D0.00
_FCBU-MAIN LIBRARY (Kitwe)
_H1
_I0.00
_M1
_UAVAILABLE
_ZAnnex Low-Usage Collection
999 _c45508
_d45508